Random Europe Map Quiz - Statistics

General Stats
  • This quiz has been taken 1,526 times
  • The average score is 9 of 10
Answers on the Map
Answers color-coded by a green-red scale on the quiz's map according to % correct below.
 
Answer Stats
Answer % Correct
United Kingdom
97%
Ukraine
96%
France
95%
Germany
94%
Portugal
94%
Spain
94%
Finland
93%
Italy
93%
Malta
93%
Greece
92%
Iceland
92%
Russia
92%
Switzerland
92%
Sweden
91%
Vatican City
91%
Bosnia and
Herzegovina
90%
Denmark
90%
Ireland
90%
Liechtenstein
90%
Monaco
90%
Poland
90%
Belgium
89%
Luxembourg
89%
Norway
89%
Belarus
88%
Estonia
88%
Latvia
88%
Montenegro
88%
Romania
88%
Andorra
87%
Austria
87%
Bulgaria
87%
Croatia
87%
Czech Republic
87%
Moldova
87%
San Marino
87%
Netherlands
86%
Hungary
85%
Lithuania
84%
North
Macedonia
84%
Slovenia
83%
Albania
82%
Kosovo
81%
Slovakia
81%
Serbia
80%
No matching quizzes found
Score Distribution
Percent of People with Each Score
Percentile by Number Answered
Your Score History
You have not taken this quiz